Le styrene et ses polymeres.

Bibliographic Details
Main Author: Gibello, Henri
Format: Book
Language:French
Published: Paris : Dunod, 1956.
Series:Matériaux de synthèse.
Subjects:

MARC

Tag First Indicator Second Indicator Subfields
LEADER 00000cam a2200000 4500
001 in00000040607
005 20151007074522.0
008 800612s1956 fr a 00000 fre
010 |a  56059155  
035 |a (OCoLC)06410513 
035 |9 AAF1642AM 
040 |a DLC  |c TXA  |d UtOrBLW 
049 |a TXAM  |c [276322] 
050 0 |a QD281.P6  |b G48 
092 |a 547.25  |b G445s 
100 1 |a Gibello, Henri. 
245 1 3 |a Le styrene et ses polymeres. 
264 1 |a Paris :  |b Dunod,  |c 1956. 
300 |a 273 pages :  |b illustrations ;  |c 23 cm. 
336 |a text  |b txt  |2 rdacontent 
337 |a unmediated  |b n  |2 rdamedia 
338 |a volume  |b nc  |2 rdacarrier 
490 1 |a Materiaux de synthese 
650 0 |a Styrene. 
650 0 |a Polymerization. 
650 0 |a Polymers. 
830 0 |a Matériaux de synthèse. 
999 |a MARS 
999 f f |s 1711ec9b-5445-3800-9b15-8d1bcc5aec2f  |i e1304428-db00-39ba-9049-76551cb7acab  |t 0 
952 f f |p ric  |a Texas A&M University  |b Rellis Campus  |c Joint Library Facility  |d Remote Storage  |t 0  |e QD281.P6 G48  |h Library of Congress classification  |i unmediated -- volume  |m A14800944617 
998 f f |a QD281.P6 G48  |t 0  |l Remote Storage